A guide to official statistics of trade, shipping and customs and excise revenue of India. (Record no. 73296)

MARC details
000 -LEADER
fixed length control field 00834cam a22002651 4500
001 - CONTROL NUMBER
control field sa 67002553
003 - CONTROL NUMBER IDENTIFIER
control field DLC
005 - DATE AND TIME OF LATEST TRANSACTION
control field 20260227112331.0
008 - FIXED-LENGTH DATA ELEMENTS--GENERAL INFORMATION
fixed length control field 800315s1965 ii f000 0 eng
010 ## - LIBRARY OF CONGRESS CONTROL NUMBER
LC control number sa 67002553
025 ## - OVERSEAS ACQUISITION NUMBER
Overseas acquisition number PL480:I-E-6748
035 ## - SYSTEM CONTROL NUMBER
System control number (OCoLC)6084916
040 ## - CATALOGING SOURCE
Original cataloging agency DLC
Transcribing agency NBuU
Modifying agency DLC
042 ## - AUTHENTICATION CODE
Authentication code premarc
050 00 - LIBRARY OF CONGRESS CALL NUMBER
Classification number HF239
Item number .A65 1965
110 1# - MAIN ENTRY--CORPORATE NAME
Corporate name or jurisdiction name as entry element India (Republic).
Subordinate unit Department of Commercial Intelligence and Statistics.
245 12 - TITLE STATEMENT
Title A guide to official statistics of trade, shipping and customs and excise revenue of India.
250 ## - EDITION STATEMENT
Edition statement Rev. ed.
260 ## - PUBLICATION, DISTRIBUTION, ETC.
Place of publication, distribution, etc. Calcutta,
Date of publication, distribution, etc. 1965.
300 ## - PHYSICAL DESCRIPTION
Extent 150 p.
Dimensions 24 cm.
500 ## - GENERAL NOTE
General note "Prepared by Shri V. Bhanu Koti, Deputy Director General."
651 #0 - SUBJECT ADDED ENTRY--GEOGRAPHIC NAME
Geographic name India
General subdivision Commerce.
650 #0 - SUBJECT ADDED ENTRY--TOPICAL TERM
Topical term or geographic name entry element Shipping
Geographic subdivision India
Form subdivision Statistics.
700 2# - ADDED ENTRY--PERSONAL NAME
Personal name Bhanu Koti, V.,
Dates associated with a name 1922-

No items available.

Powered by Koha